Single-molecule enzymology: nanomechanical manipulation and hybrid methods, Volume 582 (Record no. 76513)

MARC details
000 -LEADER
fixed length control field 00969nam a2200217 a 4500
008 - FIXED-LENGTH DATA ELEMENTS--GENERAL INFORMATION
fixed length control field 190522s2017 ||||||||||||||||| || u
020 ## - INTERNATIONAL STANDARD BOOK NUMBER
International Standard Book Number 9780128093108
050 ## - LIBRARY OF CONGRESS CALL NUMBER
Classification number QP 601 Sin
100 ## - MAIN ENTRY--PERSONAL NAME
Personal name Chemla, Yann R
245 10 - TITLE STATEMENT
Title Single-molecule enzymology: nanomechanical manipulation and hybrid methods, Volume 582
Statement of responsibility, etc. Edited by Maria Spies; Yann R. Chemla
260 ## - PUBLICATION, DISTRIBUTION, ETC.
Place of publication, distribution, etc. London
Name of publisher, distributor, etc. Academic Press
Date of publication, distribution, etc. 2017
300 ## - PHYSICAL DESCRIPTION
Extent xvi, 467 pages ; illustrations
350 ## -
-- 117.08
490 ## -
-- Methods in enzymology
650 ## - SUBJECT ADDED ENTRY--TOPICAL TERM
Topical term or geographic name entry element ENZYMOLOGY
650 ## - SUBJECT ADDED ENTRY--TOPICAL TERM
Topical term or geographic name entry element NANOTECHNOLOGY
650 ## - SUBJECT ADDED ENTRY--TOPICAL TERM
Topical term or geographic name entry element SCIENCE--LIFE SCIENCES--BIOCHEMISTRY
700 ## - ADDED ENTRY--PERSONAL NAME
Personal name Spies, Maria
995 ## -
-- MAIN LIBRARY OPEN ACCESS
-- 749095
-- CBU-MAIN LIBRARY (Kitwe)
-- 117.08
-- QP 601 Sin
-- 1
-- AVAILABLE
-- May 22, 2019
-- 749095
-- Main Library Open Access Collection
995 ## -
-- MAIN LIBRARY OPEN ACCESS
-- 749189
-- CBU-MAIN LIBRARY (Kitwe)
-- 117.08
-- QP 601 Sin
-- 2
-- AVAILABLE
-- May 22, 2019
-- 749189
-- Main Library Open Access Collection
999 ## -
-- 76513
-- 76513
Holdings
Withdrawn status Lost status Source of classification or shelving scheme Damaged status Not for loan Permanent Location Current Location Shelving location Date acquired Total Checkouts Full call number Barcode Date last seen Copy number Price effective from Koha item type
          CBU-MAIN LIBRARY, KITWE. CBU-MAIN LIBRARY, KITWE.   04/25/2023   QP 601 Sin 749095 04/25/2023 1 04/25/2023 MONOGRAPH
          CBU-MAIN LIBRARY, KITWE. CBU-MAIN LIBRARY, KITWE.   04/25/2023   QP 601 Sin 749189 04/25/2023 2 04/25/2023 MONOGRAPH